00728naa a2200145 i 45000010005000000030009000050050017000140080039000310400029000700800010000991000138001092450084002476500021003317730230003529879KOSZ 00520180411114919.0180411s2012 pl a f f |000 0 pol cKOSZ 005/HRaKOSZ 005/HR a621.3 aZAJKOWSKI, Konrad.bPolitechnika Koszalińska - Wydział Mechaniczny,cKatedra Zastosowań Elektroniki i Elektrotechnikid1999 - . 10aRegulacja prędkości obrotowej silnika prądu stałego /cKonrad Zajkowski. 0aElektrotechnika.0 iW :tPodstawy elektrotechniki i elektroniki dla nieelektryków : laboratorium : praca zbiorowa. T. 2 / pod red. Jerzego Smyczka. - dKoszalin : Wydaw. Uczelniane Politechniki Koszalińskiej, 2012. -gs. 51-65z9788373652927